The Bible illustrated for little children. (Record no. 3450)

000 -LEADER
fixed length control field 00980nam a2200253 a 4500
001 - CONTROL NUMBER
control field :::00001181$&:&@@
003 - CONTROL NUMBER IDENTIFIER
control field OkBaRHE
005 - DATE AND TIME OF LATEST TRANSACTION
control field 20100331161120.0
008 - FIXED-LENGTH DATA ELEMENTS--GENERAL INFORMATION
fixed length control field s1985 j 000 0 eng u
020 ## - INTERNATIONAL STANDARD BOOK NUMBER
International Standard Book Number 0802405967
040 ## - CATALOGING SOURCE
Transcribing agency
100 1# - MAIN ENTRY--PERSONAL NAME
Personal name Lindvall, Ella K.
245 14 - TITLE STATEMENT
Title The Bible illustrated for little children.
Statement of responsibility, etc Illustrated by Paul Turnbaugh.
260 ## - PUBLICATION, DISTRIBUTION, ETC. (IMPRINT)
Place of publication, distribution, etc Chicago, IL., :
Name of publisher, distributor, etc Moody Press
Date of publication, distribution, etc 1985
300 ## - PHYSICAL DESCRIPTION
Extent 191 p. : col. illus. ;
Dimensions 24 x 17 cm.
520 ## - SUMMARY, ETC.
Summary, etc Brief versions of 183 Bible stories from both the Old and New Testaments with questions for discussion.
650 ## - SUBJECT ADDED ENTRY--TOPICAL TERM
Topical term or geographic name as entry element Bible
General subdivision Illustrations
650 ## - SUBJECT ADDED ENTRY--TOPICAL TERM
Topical term or geographic name as entry element Bible Stories
650 ## - SUBJECT ADDED ENTRY--TOPICAL TERM
Topical term or geographic name as entry element Bible Stories
General subdivision English
700 ## - ADDED ENTRY--PERSONAL NAME
Personal name Turnbaugh, Paul, Ill.
942 ## - ADDED ENTRY ELEMENTS (KOHA)
Source of classification or shelving scheme
Koha item type Books
Copies
Full call number Source of classification or shelving scheme Date acquired Permanent Location Koha item type Lost status Copy number Price effective from Date last seen Withdrawn status Shelving location Not for loan Damaged status Barcode
BS 551.2 .L47 1985  2010-04-14RHEMA Bible Training CollegeBooks 12010-04-142018-02-20 General Stacks  1181
BS 551.2 .L47 1985  2010-04-14RHEMA Bible Training CollegeBooks 22010-04-142018-02-20 General Stacks  16862